| 000 | 00448nam a2200181Ia 4500 | ||
|---|---|---|---|
| 008 | 230524s9999 xx 000 0 und d | ||
| 020 | _a8122410421 | ||
| 082 |
_a621.382 _bBHA |
||
| 100 | _aS.K.Bhatacharya | ||
| 245 | 0 | _aExperiments in Basic Electrical Engineering | |
| 250 | _a1ST | ||
| 260 |
_aNEW DELHI _bNAI _c2001 |
||
| 300 | _aVII;275 | ||
| 500 | _aQuantity Number: 2 | ||
| 650 | _aElectrical | ||
| 700 | _a K.M.Rastogi | ||
| 942 | _cBK | ||
| 999 |
_c12509 _d12509 |
||